000 00890cab a22001935a 4500
001 L144810
008 080811e20080723xxko f 000 0 eng d
035 _a(Sirsi) u144810
041 0 _aeng
100 1 _aBrewer, Geoff
245 0 4 _aThe NHBC guarantee scheme
260 _c2008
490 _aContract Journal
_v444(6685) 23 July 2008, 33(1)
520 _aArticle discusses disputes arising under the National House Building Council (NHBC) guarantee scheme and explains that in the event of a dispute between a builder and house owner, the parties involved will have to decide upon a dispute resolution process. There is no arbitration agreement applicable to the house owner contained in the NHBC warranty document.
650 2 4 _aCREST NICHOLSON (EASTERN) LIMITED V MR AND MRS WESTERN
651 4 _aUnited Kingdom
_y
690 _aPROPERTY-RESIDENTIAL PROPERTY-HOUSING
942 _n0
999 _c80600
_d80600